LEADER 00645naa a2200145 i 4500 001 000000304407 003 CaOOAMICUS 005 20180831172818.0 008 180831n it u000 u ita u 013 $a12238 040 $aSeMil$bita 100 1 $aPista .$0(OLS)http://semarc/name/47353 245 13$aLa responsabilità dei cristiani nell'antisemitismo, in venti secoli di storia. 773 0 $aSchlink, Maria Basilea$tIsraele, mio popolo.$dTerlizzi (Bari) : Insieme, copyr. 2001.$kSentieri$z88-87873-39-9$gp.[125]-162$w()113154 996 $6245$aLa responsabilità dei cristiani nell'antisemitismo, in venti secoli di storia$9(OLS)http://semarc/title/380220 LEADER 01430nam a2200301 4500 001 000000345915 003 CaOOAMICUS 005 20210520091631.0 008 210510s2020 it 000 u ita r 020 $a978-88-575-6933-8 040 $aSeMil$bita 100 1 $aAmbrosio, Alberto Fabio,$c.$0(OLS)http://semarc/name/63201 245 10$aDio tre volte sarto :$bmoda, Chiesa e teologia /$cAlberto Fabio Ambrosio ; prefazione del Cardinale Gianfranco Ravasi. 264 1$aMilano ;$aUdine :$bMimesis,$c2020. 300 $a171 p. ;$c18 cm 490 1 $aVestire l'indicibile. Moda e religioni 541 0 $aOmaggio mons. Mario Delpini (2D I 514) 650 4$aModa e Chiesa.$0(OLS)http://semarc/subject/50383 700 1 $aRavasi, Gianfranco,$c.$0(OLS)http://semarc/name/244 830 0$aVestire l'indicibile. Moda e religioni.$0(OLS)http://semarc/title/435094 850 $aSeMil 852 $aSeMil$W1$xVenegono$y1$m2D I 514$j226309$B236966$CSeMilBibl$Z2$F236966 $81 941 1 $a7 961 $aOmaggio mons. Mario Delpini. -- In allegato biglietto con dedica autografa a mons. Mario Delpini (12 aprile 2021) 996 $6020$a978-88-575-6933-8$9(OLS)http://semarc/number/293159 996 $6245$aDio tre volte sarto :$bmoda, Chiesa e teologia$9(OLS)http://semarc/title/435090 996 $6264$aMilano ;$aUdine :$bMimesis$9(OLS)http://semarc/publisher/39598 LEADER 00947nam a2200253 i 4500 001 000000082401 003 CaOOAMICUS 005 20180306000000.0 008 180306s1971 it u000 u ita u 013 $a54641 040 $aSeMil$bita 100 1 $aSarpellon, Giovanni.$0(OLS)http://semarc/name/39013 245 10$aTerzo Mondo in via di sottosviluppo /$cGiovanni Sarpellon. 260 $aRoma :$bAVE,$ccopyr. 1971. 300 $a180 p. ;$c19 cm. 490 0 $aMinima ;$v64 500 $aContiene : Nota bibliografica. 650 4$aTerzo mondo.$0(OLS)http://semarc/subject/16015 830 0$aMinima ;$v64.$0(OLS)http://semarc/title/6338 850 $aSeMil 852 $aSeMil$W1$xVenegono$y1$m3N VI 470$j47415$B47415$CSeMilBibl$Z2$F50000 $81 961 $aRecupero: Seminario di Seveso 996 $6245$aTerzo Mondo in via di sottosviluppo$9(OLS)http://semarc/title/405110 996 $6260$aRoma :$bAVE$9(OLS)http://semarc/publisher/30251 LEADER 00685nam a2200193 i 4500 001 000000111906 003 CaOOAMICUS 005 20210305080534.0 008 030203n it u000 u ita u 013 $a84588 040 $aSeMil$bita 100 1 $aTaddei Ferretti, Cloe,$d<1932- >.$0(OLS)http://semarc/name/4296 245 10$aParte 2. 773 0 $aTaddei Ferretti, Cloe <1932- >$tRivelazione del nome divino.$d[S.l. : s.n., stampa 1994?]$w()8501 850 $aSeMil 852 $aSeMil$W1$xVenegono$y1$m4X IV 17/2$j67708$B67708$CSeMilBibl$Z2$F78106 $8L 961 $aOmaggio: Martini Card. Carlo Maria 996 $6245$aParte 2$9(OLS)http://semarc/title/108333 LEADER 00951nam a2200265 i 4500 001 000000123908 003 CaOOAMICUS 005 20040326000000.0 008 040326s2002 it u000 u ita u 013 $a96604 020 $a88-315-2351-1 040 $aSeMil$bita 100 1 $aCasati, Angelo,$d<1931- >.$0(OLS)http://semarc/name/42937 245 13$aLa fede sottovoce /$cAngelo Casati. 260 $aMilano :$bPaoline,$c2002. 300 $a224 p. ;$c21 cm. 500 $aDono del Card. Dionigi Tettamanzi. 650 4$aMeditazioni.$0(OLS)http://semarc/subject/1352 850 $aSeMil 852 $aSeMil$W1$xVenegono$y1$m2C II 489$j78546$B78546$CSeMilBibl$Z2$F82499 $81 941 1 $a5 961 $aOmaggio: Tettamanzi Card. Dionigi 996 $6020$a88-315-2351-1$9(OLS)http://semarc/number/109553 996 $6245$aLa fede sottovoce$9(OLS)http://semarc/title/182263 996 $6260$aMilano :$bPaoline$9(OLS)http://semarc/publisher/29684